| 000 | 01250nam0a2200349 i 4500 | ||
|---|---|---|---|
| 001 | RU\NLR\BIBL_A\010833579 | ||
| 005 | 20240921132509.0 | ||
| 010 |
_a9785767023721 _91000 |
||
| 021 |
_aRU _b2015-58291 _93449 |
||
| 035 | _a(NILC)RuMoRGB-007990214 | ||
| 035 | _a(NLR Aleph) 010833579 | ||
| 090 |
_a10299956 _c10299956 |
||
| 100 | _a20150914d2015 m y0rusy50 ca | ||
| 101 | 0 | _arus | |
| 102 | _aRU | ||
| 105 | _aa z 000gy | ||
| 200 | 1 |
_aРусь Стозвонная _e[героическая поэма] _fАлексей Хабаров _gхудож. Михаил Николаев |
|
| 210 |
_aЧебоксары _cЧувашское книжное изд-во _d2015 |
||
| 215 |
_a95 с. _cил., цв. ил. _d25 |
||
| 333 | _a12+ | ||
| 675 | _a821.161.1 | ||
| 686 | 0 | _aШ9(2)62=Р7-5 | |
| 686 | 2 | _aШ6(2=Р)8-51 | |
| 700 | 1 |
_aХабаров _bА. В. _f1941- _gАлексей Васильевич |
|
| 702 | 1 |
_4040 _aНиколаев _bМ. М. _cхудожник-иллюстратор _f1970- _gМихаил Михайлович _9134882 _3RU\NLR\AUTH\770134916 |
|
| 801 | 0 |
_aRU _bРГБ _c20150804 _gRCR |
|
| 942 | _cBOOK | ||
| 980 | _aNBR | ||